| 000 | 00569nam a2200253 a 4500 | ||
|---|---|---|---|
| 001 | nice12345678 | ||
| 003 | IN_TiNIC | ||
| 005 | 20260116012244.0 | ||
| 008 | 050524s1955 lona grp 000 0 eng | ||
| 020 |
_a _c100 |
||
| 082 | 0 | 0 |
_a232.3 _bHOD |
| 100 | _aHodges, H A | ||
| 245 | _aPattern of Atonement | ||
| 260 |
_aLondon _bScm Press _c1955 |
||
| 300 | _a103p | ||
| 500 | _aincludes index and biblioraphy | ||
| 505 | 2 | _aIndex | |
| 650 | _aAtonement | ||
| 650 | _aTheology | ||
| 700 | 1 | _aHodges, H A | |
| 902 | _bSRS | ||
| 942 | _cBK | ||
| 999 |
_c6262 _d6262 |
||